安徽人口最多的20个县级行政区 20 most populous county-level regions in Anhui - Statistics

General Stats
  • This quiz has been taken 52 times
  • The average score is 15 of 20
Answer Stats
人口 地市 县区 % Correct
187 合肥市 蜀山区
96%
97 合肥市 肥西县
91%
133 合肥市 瑶海区
83%
122 合肥市 包河区
83%
166 阜阳市 临泉县
81%
117 亳州市 涡阳县
81%
177 宿州市 埇桥区
79%
120 阜阳市 颍上县
77%
154 亳州市 谯城区
74%
138 阜阳市 太和县
74%
119 亳州市 利辛县
74%
105 宿州市 萧县
74%
110 亳州市 蒙城县
72%
97 宿州市 灵璧县
72%
118 阜阳市 阜南县
68%
94 六安市 霍邱县
68%
99 阜阳市 颍州区
66%
93 淮北市 濉溪县
64%
94 蚌埠市 怀远县
62%
92 六安市 裕安区
60%
No matching quizzes found
Score Distribution
Percent of People with Each Score
Percentile by Number Answered
Your Score History
You have not taken this quiz